Basic Electrical Engineering (Sem - I) (Record no. 319162)
[ view plain ]
| 000 -LEADER | |
|---|---|
| fixed length control field | 00442nam a2200169Ia 4500 |
| 008 - FIXED-LENGTH DATA ELEMENTS--GENERAL INFORMATION | |
| fixed length control field | 230718s9999 xx 000 0 und d |
| 041 ## - LANGUAGE CODE | |
| Language code of text/sound track or separate title | eng |
| 082 ## - DEWEY DECIMAL CLASSIFICATION NUMBER | |
| Classification number | 621.37 |
| Item number | BAK |
| 100 ## - MAIN ENTRY--PERSONAL NAME | |
| Personal name | Bakshi U.A. |
| 245 ## - TITLE STATEMENT | |
| Title | Basic Electrical Engineering (Sem - I) |
| 250 ## - EDITION STATEMENT | |
| Edition statement | 5th ed.. |
| 260 ## - PUBLICATION, DISTRIBUTION, ETC. (IMPRINT) | |
| Name of publisher, distributor, etc. | Technical Publications |
| 300 ## - PHYSICAL DESCRIPTION | |
| Extent | 650 |
| 365 ## - TRADE PRICE | |
| Currency code | Rs. |
| Price amount | 350.00 |
| 700 ## - ADDED ENTRY--PERSONAL NAME | |
| Personal name | Bakshi U.A. & Bakshi V. |
| 906 ## - LOCAL DATA ELEMENT F, LDF (RLIN) | |
| d | B:451020-Aug-2008 |
| c | ALLEDS |
| b | 52.5 |
| Withdrawn status | Lost status | Damaged status | Not for loan | Home library | Current library | Date acquired | Vendor | Budget Code | Cost, normal purchase price | Bill number | Full call number | Barcode | Date last seen | Discount | Cost, replacement price | Bill Date | Koha item type | Original Barcode |
|---|---|---|---|---|---|---|---|---|---|---|---|---|---|---|---|---|---|---|
| Withdrawn | Cummins College of Engineering for Women Pune | Cummins College of Engineering for Women Pune | 21/08/2008 | Varma Book Distributors | ALLEDS | 297.50 | 4510 | 621.37 | CCEP-BK-30369 | 18/07/2023 | 52.5 | 350.00 | 20/08/2008 | Books | 030369 |